Replacement cost and market value (Record no. 81955)

MARC details
000 -LEADER
fixed length control field 01148cab a22002175a 4500
001 - CONTROL NUMBER
control field L148781
008 - FIXED-LENGTH DATA ELEMENTS--GENERAL INFORMATION
fixed length control field 091109s2009 xxk f 000 0 eng d
035 ## - SYSTEM CONTROL NUMBER
System control number (Sirsi) u148781
041 0# - LANGUAGE CODE
Language code of text/sound track or separate title eng
100 1# - MAIN ENTRY--PERSONAL NAME
Personal name Wyatt, Peter
245 00 - TITLE STATEMENT
Title Replacement cost and market value
260 ## - PUBLICATION, DISTRIBUTION, ETC.
Date of publication, distribution, etc. 2009
490 ## - SERIES STATEMENT
Series statement Journal of Property Investment and Finance
Volume/sequential designation 27(6) 2009, 593-602(10)
520 ## - SUMMARY, ETC.
Summary, etc. Is the replacement cost method (RCM) compatible with a market basis of value? Several definitional and methodological problems arising from the current valuation standards and guidance relating to the replacement cost method (RCM) raise this question.The RCM is used to value properties for which there is no market. Market value assumptions do not hold in the case of the RCM. Requiring inputs to be based on market evidence is neither practicable nor sufficient justification to regard the output as market value. References. Further Reading.
590 ## - LOCAL NOTE (RLIN)
Local note KA
650 24 - SUBJECT ADDED ENTRY--TOPICAL TERM
Topical term or geographic name entry element RICS VALUATION STANDARDS
650 24 - SUBJECT ADDED ENTRY--TOPICAL TERM
Topical term or geographic name entry element INTERNATIONAL VALUATION STANDARDS
651 #4 - SUBJECT ADDED ENTRY--GEOGRAPHIC NAME
Geographic name United Kingdom
690 ## - LOCAL SUBJECT ADDED ENTRY--TOPICAL TERM (OCLC, RLIN)
Topical term or geographic name as entry element PROPERTY-PROPERTY VALUATION AND APPRAISAL
942 ## - ADDED ENTRY ELEMENTS (KOHA)
Suppress in OPAC 0
Source of classification or shelving scheme Dewey Decimal Classification
Holdings
Withdrawn status Lost status Source of classification or shelving scheme Damaged status Not for loan Home library Current library Shelving location Date acquired Total Checkouts Full call number Barcode Date last seen Copy number Price effective from Koha item type
    Dewey Decimal Classification     London London Journal article 09/11/2009   L148781 148781-1001 06/08/2019 1 06/08/2019 Journal article